00480 2200181 4500001002100000005001700021008004100038035002600079245001900105100002000124260003100144300002300175020002200198082000800220084001400228650004500242990001100287INLIS00000000000092220191211104926.0191211| ||| | ind  a 0010-12190000000092200cZulhaida Lubis0 aLubis, Zulhaida aBogor :bIPB Press ,c2009 ax, 97 p. ;c23 cm. a978-979-493-206-30 a614 a614 LUB h 0aQ04 - Food composition/Komposisi Makanan abC3117